Εισαγωγή εις την μελέτην των Βενετικών κτηματολογίων της Βοστίτσας

Αποθηκεύτηκε σε:
Λεπτομέρειες βιβλιογραφικής εγγραφής
Κύριος συγγραφέας: Παναγόπουλος, Γεώργιος Δ.
Μορφή: Βιβλίο
Γλώσσα:Greek
Δημοσίευση: Αθήνα : 1984.
Θέματα:
Ετικέτες: Προσθήκη ετικέτας
Δεν υπάρχουν, Καταχωρήστε ετικέτα πρώτοι!

MARC

LEADER 00000cam a2200000 i 4500
001 1/97480
008 950217s1984 gr | ||| |||| ||gre||
035 |l 10010571 
040 |a GR-MyUa  |b gre  |e AACR2 
041 0 |a gre 
082 7 |a 333.337094952   |2 (22) 
100 1 |a Παναγόπουλος, Γεώργιος Δ. 
245 1 0 |a Εισαγωγή εις την μελέτην των Βενετικών κτηματολογίων της Βοστίτσας /   |c Γεώργιος Δ. Παναγόπουλος. 
260 |a Αθήνα :   |c 1984. 
300 |a 67 σ. ;   |c 21 εκ. 
500 |a Περιλαμβάνει ευρετήριο. 
650 0 |a Cadastres  |z Greece  |z Aigion. 
852 |a INST  |b LESVOS  |e 19950217  |h 333.337094952 ΠΑΝ  |p 005100002892  |q 005100002892  |t BK  |y 0 
922 |a 1ΕΛΗ  |b 198704  |c ΠΠ/8712